| 000 | 00571nam a2200241Ia 4500 | ||
|---|---|---|---|
| 003 | 0100 | ||
| 008 | 130303s9999 xx 000 0 und d | ||
| 020 | _a0672611732 | ||
| 040 | _cARRUPELIB | ||
| 050 | _aB1532.A3L43 1975 | ||
| 100 | _aReid, Thomas | ||
| 245 | _aThomas Reid's inquiry and essays | ||
| 250 | _a1st ed | ||
| 260 | _aIndianapolis | ||
| 260 | _bBobbs-Merrill | ||
| 260 | _C1975 | ||
| 300 | _alxi | ||
| 300 | _b 368 p. 21 cm. | ||
| 440 | _aLibrary of liberal arts, 156 | ||
| 650 | _aPHILOSOPHY | ||
| 650 | _bNationalism Racism | ||
| 942 | 0 | 0 | _01 |
| 999 |
_c12365 _d12365 |
||